[Event "8th American Continental (w)"]
[Site "Lima PER"]
[Date "2016.02.21"]
[Round "2.11"]
[White "Mostacero Velarde, Isabella"]
[Black "Arias Cango, Nathaly"]
[Result "1-0"]
[WhiteElo "1705"]
[BlackElo "1888"]
[EventDate "2016.02.20"]
[PlyCount "79"]

1.e4 c5 2.Nf3 e6 3.g3 a6 4.Bg2 b5 5.O-O Bb7 6.d3 d6 7.Re1 Nf6 8.c3 Be7 9.
Nbd2 O-O 10.d4 cxd4 11.Nxd4 Qc7 12.f4 Nbd7 13.g4 Nc5 14.g5 Nfd7 15.Nf1 
Rfe8 16.Ng3 Nb6 17.h4 d5 18.e5 Nbd7 19.Qe2 Rad8 20.f5 Bf8 21.Bf4 exf5 22.
Ndxf5 Ne6 23.Bd2 Bc5+ 24.Kh1 d4 25.Bxb7 Qxb7+ 26.Qe4 Qa7 27.b4 dxc3 28.
Bxc3 Bf8 29.Rad1 Nb6 30.Nd6 Re7 31.Nh5 Red7 32.Rg1 Nc4 33.Nf6+ gxf6 34.
gxf6+ Kh8 35.Nxf7+ Rxf7 36.Rxd8 Qc7 37.Qg4 Qc6+ 38.Kh2 Ng7 39.Rxf8+ Rxf8 
40.Qxg7# 1-0

[Event "8th American Continental (w)"]
[Site "Lima PER"]
[Date "2016.02.21"]
[Round "2.12"]
[White "Heredia Serrano, Carla"]
[Black "Garcia Contreras, Ana"]
[Result "0-1"]
[WhiteElo "2185"]
[BlackElo "1759"]
[EventDate "2016.02.20"]
[PlyCount "120"]

1.e4 e6 2.Nf3 d5 3.Nc3 Nf6 4.e5 Nfd7 5.d4 c5 6.Bg5 Qb6 7.Bb5 a6 8.Bxd7+ 
Bxd7 9.dxc5 Qxb2 10.Bd2 Qa3 11.Rb1 Bc6 12.O-O Qxc5 13.Ng5 Qe7 14.Qg4 h6 
15.Nf3 Qc7 16.Rfe1 g6 17.Ne2 Nd7 18.Ned4 O-O-O 19.Rb2 Nc5 20.Reb1 h5 21.
Qh4 Rd7 22.Rb6 Na4 23.R6b3 Bc5 24.Be3 Kb8 25.Nxc6+ Qxc6 26.Bxc5 Nxc5 27.
Rb6 Qa4 28.Qxa4 Nxa4 29.Rxa6 Nc3 30.Rb3 Ne4 31.Rab6 Rc8 32.Nd4 Rc4 33.Nb5 
Rxc2 34.g3 Rxa2 35.f3 Nc5 36.Ra3 Rxa3 37.Nxa3 d4 38.Nc4 Kc7 39.Rb1 Kc6 40.
Rb6+ Kd5 41.Rb4 Rc7 42.f4 Ke4 43.Nd6+ Ke3 44.Rb1 d3 45.Re1+ Kd2 46.Kf1 Kc2
47.Nc4 Nb3 48.Ne3+ Kc3 49.Nd1+ Kd4 50.Nf2 Rc1 51.Rxc1 Nxc1 52.Ke1 b5 53.
Nd1 b4 54.Kd2 Nb3+ 55.Ke1 Nc5 56.Kd2 Ne4+ 57.Kc1 Nc3 58.Nb2 Ke3 59.Nc4+ 
Ke2 60.Nd2 Na2+ 0-1

[Event "8th American Continental (w)"]
[Site "Lima PER"]
[Date "2016.02.21"]
[Round "2.13"]
[White "Dongo Pinzon, Melanie"]
[Black "Besso, Guadalupe"]
[Result "0-1"]
[WhiteElo "1741"]
[BlackElo "1996"]
[EventDate "2016.02.20"]
[PlyCount "116"]

1.e4 c5 2.Nf3 Nc6 3.d4 cxd4 4.Nxd4 Nf6 5.Nc3 e5 6.Ndb5 d6 7.Bg5 a6 8.Na3 
b5 9.Nd5 Be7 10.Bxf6 Bxf6 11.c3 Bg5 12.Nc2 O-O 13.a4 bxa4 14.Rxa4 a5 15.
Bc4 Rb8 16.b3 Kh8 17.O-O f5 18.exf5 Bxf5 19.Nce3 Bg6 20.Qe2 e4 21.Rfa1 Ne5
22.Rxa5 Bh4 23.g3 Bg5 24.Qa2 Qc8 25.Kg2 Bh5 26.h3 Bf3+ 27.Kh2 Bxe3 28.Nxe3
Nxc4 29.Nxc4 Rf6 30.Qd2 Rh6 31.h4 Qf8 32.Qg5 Rg6 33.Qe3 Rf6 34.R5a2 d5 35.
Ne5 Qe8 36.Nxf3 Rxf3 37.Qd4 Qf7 38.Kg2 Rf8 39.b4 e3 40.fxe3 h6 41.Rg1 Qf5 
42.Kh2 Rf7 43.Rgg2 Re7 44.Rae2 Kh7 45.b5 Re4 46.Qd2 Qe5 47.Qc2 Kh8 48.Kg1 
Rxg3 49.b6 Rexe3 50.Rxe3 Rxe3 51.Rf2 Qg3+ 52.Kf1 Qh3+ 53.Rg2 Qh1+ 54.Rg1 
Rf3+ 55.Ke2 Qh2+ 56.Kxf3 Qxc2 57.Re1 Qxc3+ 58.Re3 Qf6+ 0-1

[Event "8th American Continental (w)"]
[Site "Lima PER"]
[Date "2016.02.21"]
[Round "2.15"]
[White "Bohorquez Canizares, Maria"]
[Black "Peng, Jackie"]
[Result "0-1"]
[WhiteElo "1574"]
[BlackElo "1922"]
[EventDate "2016.02.20"]
[PlyCount "90"]

1.e4 c5 2.Nf3 d6 3.d4 cxd4 4.Nxd4 Nf6 5.Nc3 g6 6.Be3 Bg7 7.f3 O-O 8.Qd2 
Nc6 9.O-O-O d5 10.exd5 Nxd5 11.Nxd5 Qxd5 12.Nxc6 Qxc6 13.Qd5 Qf6 14.Qd4 
Qe6 15.Qd3 Qxa2 16.Qa3 Qxa3 17.bxa3 Be6 18.Bb5 Rfc8 19.Kb1 Rc3 20.Bc1 Bf5 
21.Bd3 Bxd3 22.Rxd3 Rxd3 23.cxd3 Rc8 24.Re1 e6 25.Bb2 Bxb2 26.Kxb2 Kf8 27.
Re4 Ke7 28.g4 Rc5 29.Rb4 b6 30.Ra4 a5 31.Re4 Kd6 32.Rf4 f5 33.gxf5 Rxf5 
34.Rd4+ Rd5 35.Rh4 Rxd3 36.Rxh7 Rxf3 37.Rg7 Rf2+ 38.Kb3 Rxh2 39.Rxg6 Re2 
40.a4 Kc5 41.Rg8 Re3+ 42.Kb2 e5 43.Rc8+ Kb4 44.Rc6 Rb3+ 45.Kc2 Kxa4 0-1

[Event "8th American Continental (w)"]
[Site "Lima PER"]
[Date "2016.02.21"]
[Round "2.16"]
[White "Caballero Quijano, Mitzy Mishell"]
[Black "Estrada Cantaro, Alexandra Fiorella"]
[Result "1-0"]
[WhiteElo "1909"]
[BlackElo "1635"]
[EventDate "2016.02.20"]
[PlyCount "71"]

1.d4 Nf6 2.Nf3 g6 3.c4 Bg7 4.g3 O-O 5.Bg2 d6 6.Nc3 Na6 7.O-O c6 8.h3 Be6 
9.d5 cxd5 10.cxd5 Bd7 11.Be3 b6 12.Bd4 Rc8 13.Re1 Nc5 14.e4 Nb7 15.b4 a5 
16.a3 Re8 17.Qd3 e5 18.dxe6 Bxe6 19.Nd2 Re7 20.f4 Nh5 21.Bxg7 Nxg7 22.g4 
Rec7 23.Nb5 Rc2 24.Rad1 Qh4 25.f5 Bb3 26.Qxb3 Rxd2 27.Qe3 Rdc2 28.e5 Nd8 
29.exd6 Rb8 30.Nd4 Rb2 31.d7 h6 32.fxg6 fxg6 33.Ne2 Nf7 34.Rf1 Qd8 35.Bd5 
Kh7 36.Rxf7 1-0

[Event "8th American Continental (w)"]
[Site "Lima PER"]
[Date "2016.02.21"]
[Round "2.17"]
[White "Parkhurst Casas, Miriam"]
[Black "Oncoy Custodio, Shantal Tania"]
[Result "0-1"]
[WhiteElo "1884"]
[BlackElo "1510"]
[EventDate "2016.02.20"]
[PlyCount "128"]

1.e4 c5 2.Nf3 Nc6 3.d4 cxd4 4.Nxd4 g6 5.Nc3 Bg7 6.Be3 Nf6 7.Bc4 Qa5 8.f3 
Qb4 9.Bb3 Nxe4 10.Nxc6 Bxc3+ 11.bxc3 Qxc3+ 12.Ke2 dxc6 13.Bd4 e5 14.Bxc3 
Nxc3+ 15.Kf2 Nxd1+ 16.Raxd1 O-O 17.Rhe1 Re8 18.Rd3 Bf5 19.Rd2 Rad8 20.Rde2
h5 21.Rg1 e4 22.g4 hxg4 23.fxg4 Bc8 24.h3 Rd7 25.Rge1 Rde7 26.Ke3 Kg7 27.
Kf4 e3 28.Kf3 Rh8 29.Kg3 Rhe8 30.Kf3 b6 31.Bc4 Re4 32.Bd3 R4e7 33.Kf4 c5 
34.Bb5 Re4+ 35.Kf3 R8e7 36.c3 Bb7 37.Kg3 Bd5 38.Bd3 Ra4 39.Bb1 Ra3 40.Rc1 
Bc4 41.Ree1 Bxa2 42.Bd3 Bb3 43.Kf4 Ra2 44.Rxe3 Rxe3 45.Kxe3 Rh2 46.Bf1 Rh1
47.Kd2 a5 48.c4 a4 49.Kc3 Rh2 50.g5 Rf2 51.Bd3 Rg2 52.h4 Rh2 53.Rf1 Rxh4 
54.Rf6 Rh3 55.Rxb6 Bd1 56.Kd2 a3 57.Ra6 a2 58.Kxd1 Rh1+ 59.Ke2 a1=Q 60.
Rxa1 Rxa1 61.Ke3 f6 62.gxf6+ Kxf6 63.Bxg6 Kxg6 64.Ke4 Rd1 0-1

[Event "8th American Continental (w)"]
[Site "Lima PER"]
[Date "2016.02.21"]
[Round "2.18"]
[White "Rodriguez Ibarra, Sofia"]
[Black "Pescoran Machaca, Mariabelen"]
[Result "1-0"]
[WhiteElo "1794"]
[BlackElo "1299"]
[EventDate "2016.02.20"]
[PlyCount "125"]

1.e4 e6 2.d4 d5 3.Nd2 c5 4.exd5 exd5 5.Ngf3 Bd6 6.dxc5 Bxc5 7.Nb3 Bb6 8.
Be2 Ne7 9.O-O O-O 10.Nbd4 Nbc6 11.c3 Bg4 12.h3 Nxd4 13.Nxd4 Bxe2 14.Nxe2 
Qd7 15.Bg5 Rfe8 16.Qd2 f6 17.Be3 Bxe3 18.Qxe3 Kh8 19.Qd2 Rad8 20.Nd4 Nc6 
21.Rfe1 Re5 22.Qf4 Qd6 23.Qh4 Rde8 24.Rxe5 Rxe5 25.Qg4 Qd8 26.Rd1 Qe8 27.
f4 h5 28.Qf3 Re4 29.Nf5 Re1+ 30.Rxe1 Qxe1+ 31.Kh2 g6 32.Nd4 Nxd4 33.cxd4 
Qe6 34.f5 Qxf5 35.Qxf5 gxf5 36.Kg3 Kg7 37.Kf4 Kg6 38.h4 b6 39.a4 a6 40.b4 
b5 41.a5 Kg7 42.Kxf5 Kf7 43.g3 Ke7 44.Kg6 Ke6 45.Kxh5 Kf5 46.g4+ Ke4 47.
Kg6 Kxd4 48.h5 Kc4 49.h6 Kxb4 50.h7 Kxa5 51.h8=Q b4 52.Qxf6 b3 53.Qd4 Kb5 
54.Qxd5+ Ka4 55.Qb7 a5 56.Qh1 b2 57.Qb1 Ka3 58.Kf5 a4 59.Ke4 Kb3 60.Qd1+ 
Ka3 61.Qd6+ Ka2 62.Qd2 Ka1 63.Qc3 1-0

[Event "8th American Continental (w)"]
[Site "Lima PER"]
[Date "2016.02.21"]
[Round "2.19"]
[White "Francia Arzapalo, Gianella"]
[Black "Romero Dongo, Antonella"]
[Result "1/2-1/2"]
[WhiteElo "1486"]
[BlackElo "1781"]
[EventDate "2016.02.20"]
[PlyCount "139"]

1.d4 b6 2.Nf3 Bb7 3.Bf4 e6 4.e3 f5 5.h3 Nf6 6.Be2 Be7 7.O-O Ne4 8.Nbd2 O-O
9.Nxe4 fxe4 10.Nd2 Bg5 11.Bh2 Kh8 12.c4 Na6 13.a3 Qf6 14.b4 Rac8 15.b5 Nb8
16.Rc1 Qh6 17.Bg3 Be7 18.Nb3 a6 19.a4 Qg5 20.Qd2 Ba3 21.Rc2 Qe7 22.Ra1 Bb4
23.Qc1 Bd6 24.Bxd6 Qxd6 25.c5 Qd5 26.Qb2 Qf5 27.Bf1 Rfe8 28.Rac1 Qf8 29.
Rc3 e5 30.R3c2 axb5 31.axb5 exd4 32.Nxd4 Bd5 33.Ne2 Bb7 34.Nf4 bxc5 35.
Rxc5 c6 36.bxc6 Bxc6 37.Bb5 Bxb5 38.Qxb5 Nc6 39.Qe2 Re5 40.Rxe5 Nxe5 41.
Rxc8 Qxc8 42.Qb2 Qe8 43.Qd4 Nc6 44.Qd2 h6 45.Ne2 Qe7 46.Ng3 Qe6 47.Ne2 Ne7
48.Nf4 Qc6 49.Qb4 Nc8 50.Qf8+ Kh7 51.Qf5+ Kg8 52.Ng6 d5 53.Qf8+ Kh7 54.Qf5
Qxg6 55.Qxc8 Qf6 56.Qc2 Qa1+ 57.Kh2 Qe5+ 58.Kg1 g6 59.Qd2 h5 60.Qd4 Qxd4 
61.exd4 g5 62.Kf1 Kg6 63.g3 Kf5 64.Ke2 h4 65.Ke3 g4 66.hxg4+ Kxg4 67.gxh4 
Kxh4 68.f3 exf3 69.Kxf3 Kg5 70.Kg3 1/2-1/2

[Event "8th American Continental (w)"]
[Site "Lima PER"]
[Date "2016.02.22"]
[Round "3.1"]
[White "Martinez, Ayelen"]
[Black "Cori Tello, Deysi"]
[Result "0-1"]
[WhiteElo "2193"]
[BlackElo "2430"]
[EventDate "2016.02.20"]
[PlyCount "71"]

1.e4 e5 2.Nf3 d6 3.d4 Nd7 4.Bc4 c6 5.a4 Be7 6.O-O Ngf6 7.Nc3 O-O 8.Ba2 Qc7
9.Bg5 h6 10.Bh4 Re8 11.Bg3 b6 12.Re1 a6 13.Qd3 Ra7 14.Rad1 b5 15.b4 Nh5 
16.axb5 axb5 17.d5 Nb6 18.dxc6 Qxc6 19.Ra1 Nc4 20.Bb3 Rxa1 21.Rxa1 Be6 22.
Nd5 Bf8 23.Nd2 Rc8 24.f3 Nxg3 25.hxg3 Bxd5 26.exd5 Qb6+ 27.Kh2 Nxd2 28.
Qxd2 Be7 29.Qd3 Bg5 30.Qf5 Rd8 31.Qd3 g6 32.Ra5 Qf2 33.Qxb5 h5 34.Ra1 h4 
35.Qf1 hxg3+ 36.Kh1 0-1

[Event "8th American Continental (w)"]
[Site "Lima PER"]
[Date "2016.02.22"]
[Round "3.2"]
[White "Eswaran, Ashritha"]
[Black "Abrahamyan, Tatev"]
[Result "0-1"]
[WhiteElo "2149"]
[BlackElo "2324"]
[EventDate "2016.02.20"]
[PlyCount "76"]

1.e4 e6 2.d4 d5 3.Nc3 Bb4 4.e5 Ne7 5.Qg4 c5 6.dxc5 Nbc6 7.Qxg7 Rg8 8.Qxh7 
d4 9.a3 Qa5 10.Rb1 dxc3 11.Be3 cxb2+ 12.axb4 Qxb4+ 13.Bd2 Qxc5 14.f4 Bd7 
15.Nf3 O-O-O 16.Qe4 Nd5 17.Rxb2 f6 18.exf6 Nxf6 19.Qe3 Qd6 20.Ne5 Be8 21.
c4 Nd4 22.h3 Qa6 23.Kf2 Nf5 24.Qc5+ Bc6 25.Kg1 Ne4 26.Qb4 Nfg3 27.Bd3 Nxd2
28.Nxc6 Qxc6 29.Qxd2 Nxh1 30.Qe3 Rg3 31.Qxa7 Rgxd3 32.Kxh1 Rxh3+ 33.Kg1 
Rhd3 34.Qa8+ Kc7 35.Qa5+ b6 36.Qe5+ Qd6 37.Qe2 Rd1+ 38.Kf2 Qxf4+ 0-1

[Event "8th American Continental (w)"]
[Site "Lima PER"]
[Date "2016.02.22"]
[Round "3.3"]
[White "Paredes Bustamante, Paula"]
[Black "Franco Valencia, Angela Maria"]
[Result "0-1"]
[WhiteElo "2096"]
[BlackElo "2197"]
[EventDate "2016.02.20"]
[PlyCount "100"]

1.e4 e5 2.Nf3 Nc6 3.Nc3 Bc5 4.Bb5 a6 5.Bxc6 dxc6 6.h3 Ne7 7.d3 Ng6 8.O-O 
h6 9.Ne2 Qe7 10.c3 Bb6 11.Qc2 Nh4 12.Nxh4 Qxh4 13.d4 g5 14.dxe5 g4 15.g3 
Qh5 16.h4 Qxe5 17.Bf4 Qe7 18.Rfe1 Bd7 19.Rad1 O-O-O 20.Nd4 Rde8 21.Qc1 Qf6
22.Nb3 Qg6 23.Nd2 Bc5 24.b4 Bd6 25.e5 Be7 26.a3 Bf5 27.Nf1 h5 28.c4 Qe6 
29.Qc3 Rd8 30.b5 cxb5 31.cxb5 axb5 32.Ne3 Be4 33.Rc1 Bc6 34.Red1 Rxd1+ 35.
Rxd1 Rd8 36.Rxd8+ Bxd8 37.Nc2 Qd5 38.Kf1 Qh1+ 39.Ke2 Bf3+ 40.Ke3 Qc1+ 41.
Qd2 Qb2 42.Qd3 Be7 43.Kd2 Qb1 44.Qf5+ Kb8 45.Qxf7 Bd1 46.Ne1 Bxa3 47.Nd3 
Qc2+ 48.Ke3 Qe2+ 49.Kd4 c5+ 50.Nxc5 Bb2+ 0-1

[Event "8th American Continental (w)"]
[Site "Lima PER"]
[Date "2016.02.22"]
[Round "3.4"]
[White "Arribas Robaina, Maritza"]
[Black "Dominguez Barrios, Laura Lucia"]
[Result "1-0"]
[WhiteElo "2333"]
[BlackElo "2078"]
[EventDate "2016.02.20"]
[PlyCount "74"]

1.Nf3 Nf6 2.d4 g6 3.g3 Bg7 4.Bg2 O-O 5.O-O d6 6.c4 Nc6 7.Nc3 a6 8.Bg5 h6 
9.Bd2 Rb8 10.Qc1 Kh7 11.d5 Na5 12.b3 c5 13.Qe1 b5 14.Nxb5 Nxc4 15.bxc4 
axb5 16.Bc3 bxc4 17.e4 e6 18.dxe6 fxe6 19.Rd1 d5 20.Ne5 d4 21.Ba5 Qe8 22.
Nxc4 Ba6 23.Rc1 Qa4 24.Ne5 Rfc8 25.Bd2 Rb2 26.h4 Rxa2 27.Bh3 Bxf1 28.Kxf1 
Qa6+ 29.Kg1 c4 30.Bf1 d3 31.Bc3 Qa7 32.Bd2 Rxd2 33.Qxd2 Nxe4 34.Qf4 Nxf2 
35.Qxf2 Qxf2+ 36.Kxf2 Bxe5 37.h5 Rc7 1-0

[Event "8th American Continental (w)"]
[Site "Lima PER"]
[Date "2016.02.22"]
[Round "3.5"]
[White "Perez Rodriguez, Jennifer"]
[Black "Fernandez, Maria Florencia"]
[Result "1-0"]
[WhiteElo "2155"]
[BlackElo "2264"]
[EventDate "2016.02.20"]
[PlyCount "49"]

1.d4 g6 2.e4 Bg7 3.Nc3 d6 4.Be3 Nf6 5.f3 c6 6.Qd2 b5 7.Bd3 Nbd7 8.h4 h5 9.
Nh3 Qc7 10.Ng5 Nb6 11.b3 a6 12.Ne2 c5 13.c3 c4 14.Bc2 cxb3 15.axb3 O-O 16.
O-O e6 17.Bd3 Bd7 18.Rfc1 d5 19.e5 Nh7 20.Nxh7 Kxh7 21.Nf4 Kg8 22.Qf2 a5 
23.g4 hxg4 24.h5 g5 25.h6 1-0

[Event "8th American Continental (w)"]
[Site "Lima PER"]
[Date "2016.02.22"]
[Round "3.6"]
[White "Zuriel, Marisa"]
[Black "Mostacero Velarde, Isabella"]
[Result "1-0"]
[WhiteElo "2295"]
[BlackElo "1705"]
[EventDate "2016.02.20"]
[PlyCount "47"]

1.e4 d6 2.d4 Nf6 3.Nc3 g6 4.h3 c6 5.a4 b6 6.Be3 Bb7 7.f4 Bg7 8.Bd3 Qc7 9.
Nf3 Nbd7 10.e5 dxe5 11.fxe5 Nd5 12.Nxd5 cxd5 13.O-O f6 14.exf6 exf6 15.Ng5
O-O 16.Nxh7 f5 17.Nxf8 Nxf8 18.c3 Ne6 19.Qf3 a6 20.Rae1 Qd6 21.Bd2 Bc6 22.
Bc2 Rf8 23.Qe2 Bd7 24.Qxa6 1-0

[Event "8th American Continental (w)"]
[Site "Lima PER"]
[Date "2016.02.22"]
[Round "3.7"]
[White "Rivera Banqueth, Ingris"]
[Black "Besso, Guadalupe"]
[Result "1/2-1/2"]
[WhiteElo "2262"]
[BlackElo "1996"]
[EventDate "2016.02.20"]
[PlyCount "82"]

1.d4 Nf6 2.Nf3 g6 3.e3 d5 4.Bd3 Bg7 5.b3 O-O 6.Bb2 c5 7.O-O Nc6 8.a3 Qb6 
9.Nc3 cxd4 10.Na4 Qc7 11.exd4 Bg4 12.h3 Bxf3 13.Qxf3 Rfd8 14.Qe3 e5 15.
dxe5 d4 16.Qd2 Nxe5 17.Rac1 Qd6 18.f4 Nxd3 19.cxd3 Nd5 20.Nc5 Ne3 21.Nxb7 
Nxf1 22.Rxf1 Qe6 23.Nxd8 Rxd8 24.Qd1 Re8 25.Bc1 Qe2 26.Qd2 Re3 27.Rd1 Qxd2
28.Bxd2 Rxd3 29.Kf2 Rxb3 30.Rc1 Bf8 31.Rc8 Kg7 32.f5 gxf5 33.Bf4 Be7 34.
Rc7 Bf6 35.Rxa7 d3 36.Ke3 Bb2 37.Kd2 Rxa3 38.Rxa3 Bxa3 39.Kxd3 Bb2 40.Kc4 
Kg6 41.Kd3 Bf6 1/2-1/2

[Event "8th American Continental (w)"]
[Site "Lima PER"]
[Date "2016.02.22"]
[Round "3.9"]
[White "Chumpitaz Carbajal, Ann"]
[Black "Zarate Oyague, Flor de Maria"]
[Result "0-1"]
[WhiteElo "2209"]
[BlackElo "1924"]
[EventDate "2016.02.20"]
[PlyCount "64"]

1.e4 c5 2.Nf3 d6 3.d4 cxd4 4.Nxd4 Nf6 5.Nc3 a6 6.h3 e5 7.Nde2 h5 8.Be3 Be6
9.Qd2 Nbd7 10.f4 Nb6 11.b3 Qc7 12.f5 Bd7 13.g3 Bc6 14.Bg2 O-O-O 15.Nd5 
Nbxd5 16.exd5 Bd7 17.O-O Kb8 18.c4 Be7 19.a4 Rdg8 20.a5 g6 21.b4 gxf5 22.
b5 f4 23.Bb6 Qc8 24.bxa6 Bxh3 25.axb7 Kxb7 26.Qb4 Ka8 27.Rab1 Bxg2 28.Kxg2
Ne4 29.Bg1 Nxg3 30.Nxg3 Rxg3+ 31.Kf2 Rhg8 32.Qb6 Bh4 0-1

[Event "8th American Continental (w)"]
[Site "Lima PER"]
[Date "2016.02.22"]
[Round "3.10"]
[White "Aliaga Fernandez, Ingrid"]
[Black "Caballero Quijano, Mitzy Mishell"]
[Result "1-0"]
[WhiteElo "2173"]
[BlackElo "1909"]
[EventDate "2016.02.20"]
[PlyCount "37"]

1.e4 e6 2.d4 d5 3.Nc3 Nf6 4.e5 Nfd7 5.f4 c5 6.Nf3 Nc6 7.Be3 Rb8 8.Qd2 Qa5 
9.Be2 c4 10.O-O b5 11.f5 Be7 12.Qe1 b4 13.fxe6 fxe6 14.Nd1 Nf8 15.Qg3 g6 
16.Nf2 Ba6 17.Ng4 Kd7 18.Nf6+ Kc7 19.b3 1-0

[Event "8th American Continental (w)"]
[Site "Lima PER"]
[Date "2016.02.22"]
[Round "3.11"]
[White "Franco Valencia, Beatriz Irene"]
[Black "Rodriguez Ibarra, Sofia"]
[Result "1-0"]
[WhiteElo "2153"]
[BlackElo "1794"]
[EventDate "2016.02.20"]
[PlyCount "103"]

1.d4 f5 2.g3 Nf6 3.Bg2 d6 4.c4 g6 5.Nc3 Bg7 6.Nh3 e6 7.O-O O-O 8.Qb3 c6 9.
Rd1 Qe7 10.Bg5 h6 11.Bxf6 Bxf6 12.Rac1 e5 13.c5+ d5 14.dxe5 Bxe5 15.Nf4 
Kh7 16.Nd3 Bg7 17.e3 Nd7 18.Qa4 Nf6 19.b4 Ne4 20.Ne2 a6 21.Qb3 Bd7 22.a4 
g5 23.Nd4 f4 24.gxf4 gxf4 25.Nxf4 Qh4 26.Qc2 Bxd4 27.Rxd4 Bf5 28.Qe2 Rg8 
29.f3 Ng5 30.Kh1 Nf7 31.Nxd5 Qg5 32.Nf4 Rad8 33.Rcd1 Rxd4 34.Rxd4 Ne5 35.
Rd1 Ng6 36.Nxg6 Qxg6 37.e4 Be6 38.Rd6 Qf7 39.f4 Bg4 40.Qd2 Qb3 41.Qd3 Qf7 
42.f5 Qa2 43.Rd7+ Rg7 44.Rxg7+ Kxg7 45.Qd4+ Kh7 46.h3 Bh5 47.e5 Qb1+ 48.
Kh2 Qb3 49.e6 Kg8 50.Qd8+ Kh7 51.Qe7+ Kg8 52.f6 1-0

[Event "8th American Continental (w)"]
[Site "Lima PER"]
[Date "2016.02.22"]
[Round "3.12"]
[White "Garcia Contreras, Ana"]
[Black "Orozco Lopez, Lina Yomayra"]
[Result "1/2-1/2"]
[WhiteElo "1759"]
[BlackElo "2118"]
[EventDate "2016.02.20"]
[PlyCount "101"]

1.e4 c5 2.c3 d5 3.exd5 Qxd5 4.d4 Nf6 5.Nf3 Bg4 6.Nbd2 e6 7.Bc4 Qd8 8.Qa4+ 
Nfd7 9.d5 Bxf3 10.Nxf3 e5 11.Ng5 Bd6 12.Ne4 Qc7 13.Bb5 O-O 14.Bxd7 Nxd7 
15.c4 Be7 16.O-O f5 17.Nc3 Nb6 18.Qc2 e4 19.f4 Rf6 20.b3 Rg6 21.Bb2 Bf6 
22.Ne2 Nc8 23.Rad1 Bxb2 24.Qxb2 Nd6 25.Ng3 Re8 26.Rde1 Qe7 27.Rf2 Qh4 28.
Re3 Rg4 29.Ne2 Nf7 30.h3 Rg6 31.Qa3 Ra6 32.Qxc5 Rxa2 33.Qd4 b6 34.Rg3 g6 
35.Rc3 Nd6 36.Re3 Qe7 37.Nc3 Rxf2 38.Kxf2 Nb7 39.Ne2 Kf7 40.Kg1 Qb4 41.Qc3
Qxc3 42.Nxc3 Ke7 43.Nb5 Ra8 44.g4 a5 45.Nd4 Kf6 46.Nc6 Nd6 47.Ne5 Ra7 48.
Nc6 Ra6 49.Nb8 Ra7 50.Nc6 Ra6 51.Ne5 1/2-1/2

[Event "8th American Continental (w)"]
[Site "Lima PER"]
[Date "2016.02.22"]
[Round "3.13"]
[White "Cosme Contreras, Trilce"]
[Black "Fuentes Godoy, Lilia Ivonne"]
[Result "0-1"]
[WhiteElo "1757"]
[BlackElo "2062"]
[EventDate "2016.02.20"]
[PlyCount "138"]

1.c4 e6 2.Nc3 d5 3.e3 c6 4.d4 Bd6 5.Nf3 f5 6.b3 Nf6 7.c5 Bc7 8.Bd3 O-O 9.
Ne2 Ne4 10.Qc2 Nd7 11.Bb2 Ba5+ 12.Nc3 e5 13.dxe5 Ndxc5 14.O-O Nxd3 15.Qxd3
Bc7 16.Ne2 Re8 17.Nf4 Ng5 18.Nxg5 Qxg5 19.Nh3 Qg6 20.f4 b6 21.Rac1 Bb7 22.
Ng5 a5 23.Rf2 c5 24.Nf3 Bd8 25.Kh1 Qe6 26.a4 Rc8 27.Rg1 c4 28.Qc2 Qg6 29.
Nd4 Be7 30.Nxf5 Bb4 31.Bd4 cxb3 32.Qb1 Bc6 33.g4 Bxa4 34.h4 Rc2 35.h5 Qc6 
36.Qf1 Bb5 37.Qg2 Bd3 38.Ng3 Rxf2 39.Qxf2 Qc2 40.Qf3 Be4 41.Nxe4 Qxe4 42.
Qxe4 dxe4 43.f5 a4 44.g5 a3 45.g6 b2 46.gxh7+ Kxh7 47.e6 Bf8 48.Kh2 Re7 
49.Kg3 Rb7 50.Kf4 Kh6 51.Kxe4 Bc5 52.Be5 Bf8 53.Bf4+ Kh7 54.Be5 Bb4 55.h6 
Kxh6 56.f6 gxf6 57.Bxf6 Ra7 58.Kd3 Rc7 59.e4 Kh5 60.Rb1 Rc1 61.Rxb2 axb2 
62.Bxb2 Rc6 63.e5 Kg6 64.Ke4 Rxe6 65.Kd5 Kf5 66.Kc4 Bf8 67.Kb5 Bg7 68.Bd4 
Bxe5 69.Bxb6 Ke4 0-1

[Event "8th American Continental (w)"]
[Site "Lima PER"]
[Date "2016.02.22"]
[Round "3.14"]
[White "Oncoy Custodio, Shantal Tania"]
[Black "Arias Cango, Nathaly"]
[Result "1-0"]
[WhiteElo "1510"]
[BlackElo "1888"]
[EventDate "2016.02.20"]
[PlyCount "95"]

1.e4 c5 2.Nf3 e6 3.d4 cxd4 4.Nxd4 a6 5.Be2 b5 6.O-O Bb7 7.Bf3 Ne7 8.a4 b4 
9.Nd2 Nec6 10.Nc4 d6 11.a5 Nxd4 12.Qxd4 Nc6 13.Qd3 Qc7 14.Be3 Ne5 15.Nxe5 
dxe5 16.Bb6 Qc6 17.Rad1 Be7 18.Qb3 O-O 19.Rd3 Bc5 20.Bxc5 Qxc5 21.Ra1 Rad8
22.Ra4 Bc6 23.Rxb4 Qxa5 24.Rxd8 Rxd8 25.h3 g6 26.Rb8 Kg7 27.Rxd8 Qxd8 28.
Qc3 Qd6 29.Be2 Bxe4 30.Bxa6 Ba8 31.Be2 f6 32.b4 Qb6 33.b5 Qb7 34.Bf1 Qb6 
35.Qc8 Bd5 36.c4 Bb7 37.Qd7+ Kh6 38.c5 Qxc5 39.Qxb7 f5 40.b6 e4 41.Qc7 Qd4
42.b7 e3 43.b8=Q exf2+ 44.Kh1 Qd1 45.Qf4+ Kh5 46.Qxf2 g5 47.Qe8+ Kh6 48.
Qxe6+ 1-0

[Event "8th American Continental (w)"]
[Site "Lima PER"]
[Date "2016.02.22"]
[Round "3.15"]
[White "Solis Chimoy, Blanca"]
[Black "Francia Arzapalo, Gianella"]
[Result "1-0"]
[WhiteElo "1869"]
[BlackElo "1486"]
[EventDate "2016.02.20"]
[PlyCount "99"]

1.d4 g6 2.c4 Bg7 3.Nc3 d6 4.e4 Nd7 5.Be3 e6 6.Nf3 Ne7 7.Be2 b6 8.Qd2 Bb7 
9.Bh6 O-O 10.h4 f6 11.O-O-O Rf7 12.h5 Nf8 13.hxg6 Nexg6 14.g3 Qe7 15.d5 e5
16.Nh4 Nxh4 17.gxh4 Bxh6 18.Qxh6 Rg7 19.Rdg1 a6 20.Nd1 Bc8 21.Ne3 Kh8 22.
Bg4 Bxg4 23.Nxg4 Rg6 24.Qe3 Qg7 25.f3 h5 26.Nh2 Kh7 27.Nf1 Rd8 28.Rxg6 
Qxg6 29.Rg1 Qh6 30.Qxh6+ Kxh6 31.Ng3 Rd7 32.Nf5+ Kh7 33.Kd2 Ng6 34.b4 Rf7 
35.c5 bxc5 36.bxc5 dxc5 37.Rc1 Ne7 38.Nxe7 Rxe7 39.Rxc5 Rd7 40.Rc6 Rd6 41.
Rxc7+ Kg6 42.Rc6 Rd7 43.Rxa6 Kf7 44.a4 Ke7 45.a5 Rb7 46.Re6+ Kf7 47.Rb6 
Ra7 48.a6 Re7 49.Rb7 Rxb7 50.axb7 1-0

[Event "8th American Continental (w)"]
[Site "Lima PER"]
[Date "2016.02.22"]
[Round "3.16"]
[White "Romero Dongo, Antonella"]
[Black "Heredia Serrano, Carla"]
[Result "0-1"]
[WhiteElo "1781"]
[BlackElo "2185"]
[EventDate "2016.02.20"]
[PlyCount "133"]

1.e4 c6 2.d4 d5 3.e5 Bf5 4.f4 e6 5.Nf3 c5 6.Bd3 Nh6 7.Nc3 Nc6 8.Be3 Bg4 9.
Bb5 Nf5 10.Qd2 Qb6 11.Bxc6+ bxc6 12.Na4 Qb5 13.b3 Bxf3 14.gxf3 cxd4 15.
Bxd4 Be7 16.Nc3 Qa6 17.Ne2 c5 18.Bf2 O-O 19.O-O f6 20.Kh1 d4 21.Kg2 Rad8 
22.Nc1 Rd5 23.Nd3 Bd8 24.Rfe1 Bc7 25.b4 c4 26.Nc5 Qc6 27.exf6 Rxf6 28.Re4 
Rg6+ 29.Kh1 Bb6 30.Rg1 Rxg1+ 31.Kxg1 Bxc5 32.bxc5 Rxc5 33.Bxd4 Rd5 34.Qf2 
Qd7 35.Bc3 Rd1+ 36.Re1 Qd5 37.Kg2 Rxe1 38.Qxe1 h6 39.Kf2 Qc5+ 40.Kg2 Qe3 
41.Bd2 Nh4+ 42.Qxh4 Qxd2+ 43.Qf2 Qxf4 44.Qxa7 Qg5+ 45.Kh3 Qf5+ 46.Kg3 Qxc2
47.a4 c3 48.a5 Qg6+ 49.Kf2 Qc2+ 50.Kg3 Qb1 51.a6 Qe1+ 52.Qf2 Qe5+ 53.f4 
Qa5 54.a7 c2 55.Qxc2 Qxa7 56.Qc8+ Kf7 57.Qc1 Qd4 58.h4 Qd3+ 59.Kg2 Qe4+ 
60.Kg3 h5 61.Qd2 Qg6+ 62.Kh2 Qg4 63.Qf2 Kg6 64.Qc2+ Kf6 65.Qc3+ Kf5 66.
Qc2+ Kxf4 67.Qc4+ 0-1

[Event "8th American Continental (w)"]
[Site "Lima PER"]
[Date "2016.02.22"]
[Round "3.17"]
[White "Estrada Cantaro, Alexandra Fiorella"]
[Black "Parkhurst Casas, Miriam"]
[Result "0-1"]
[WhiteElo "1635"]
[BlackElo "1884"]
[EventDate "2016.02.20"]
[PlyCount "88"]

1.e4 e5 2.Nf3 Nc6 3.Bb5 Nge7 4.d4 exd4 5.Nxd4 g6 6.Nc3 Bg7 7.Be3 O-O 8.O-O
d6 9.Re1 a6 10.Ba4 Nxd4 11.Bxd4 Bxd4 12.Qxd4 b5 13.Bb3 c5 14.Qd3 c4 15.
Bxc4 bxc4 16.Qxc4 Qb6 17.Rad1 Bg4 18.Rb1 Qc5 19.Qd3 Rfd8 20.Qg3 Be6 21.
Rbd1 Rab8 22.h3 Nc6 23.a3 a5 24.Kh1 Nd4 25.Na4 Qa7 26.Qc3 Nxc2 27.Qxc2 Bb3
28.Qc6 Bxd1 29.Rxd1 Qxf2 30.Qd5 Qc2 31.Qd4 Rdc8 32.Rd2 Qb1+ 33.Kh2 Rc1 34.
Qxd6 Rh1+ 35.Kg3 Qe1+ 36.Rf2 Rb3+ 37.Nc3 Qe3+ 38.Rf3 Qg5+ 39.Kf2 Rxb2+ 40.
Ne2 Rxe2+ 41.Kxe2 Qxg2+ 42.Ke3 Re1+ 43.Kf4 g5+ 44.Ke5 Qh2+ 0-1